Riconosci la Squadra di calcio - Quiz n°96 - Statistics

Statistiche generali
  • Questo quiz è stato fatto 18 volte
  • Il punteggio medio è 7 su 10
Statistiche sulle risposte
Indizio Risposta % Corretto
Simboli Ariete
94%
Colori sociali Bianco, nero
94%
Titoli nazionali 2 Titoli d'Inghilterra
88%
Divisione nazionale 2023-2024 Seconfa
88%
Capienza Stadio 33 600 posti
63%
Trofei internazionali 0
56%
Trofei nazionali 1 Coppa d'Inghilterra1 Community Shield
56%
Confederazione UEFA
56%
Fondazione 1885
38%
Squadra Derby County
25%
Nessun quiz corrispondente trovato
Distribuzione punteggi
Percentuale di utenti per punteggio
Percentile per numero di risposta
I tuoi punteggi nel tempo
Non hai fatto questo quiz